Normal view MARC view

Entry Uniform Title

Number of records used in: 2

001 - CONTROL NUMBER

  • control field: 48900

003 - CONTROL NUMBER IDENTIFIER

  • control field: dpl

005 - DATE AND TIME OF LATEST TRANSACTION

  • control field: 20120612145732.0

008 - FIXED-LENGTH DATA ELEMENTS

  • fixed length control field: 120612|||a|||||| | ||| d

040 ## - CATALOGING SOURCE

  • Original cataloging agency: dpl
  • Transcribing agency: dpl

130 ## - HEADING--UNIFORM TITLE

  • Uniform title:

670 ## - SOURCE DATA FOUND

  • Source citation: Work cat.: (dpl)67821: शर्मा, रामगोपाल 48899, सरल होम्योपैथिक मेटेरिया मेडिका /, 2002

670 ## - SOURCE DATA FOUND

  • Source citation: Work cat.: (dpl)67821: शर्मा, रामगोपाल 48899, सरल होम्योपैथिक मेटेरिया मेडिका /, 2002

© Delhi Public Library
Hit Counter
free hit counter